[Event "9th Sunway Sitges 2022"]
[Site "Sitges ESP"]
[Date "2022.12.13"]
[Round "2.70"]
[White "Cheparinov, Ivan"]
[Black "Devnani, Kush"]
[Result "1-0"]
[WhiteTitle "GM"]
[WhiteElo "2688"]
[BlackElo "2134"]
[WhiteFideId "2905540"]
[BlackFideId "45093806"]
[EventDate "2022.12.12"]

1. e4 c5 2. Nf3 d6 3. d4 cxd4 4. Nxd4 Nf6 5. Nc3 a6 6. Be3 e5 7. Nb3 Be7 8. f3
Be6 9. Qd2 h5 10. O-O-O Nbd7 11. Kb1 Rc8 12. Bd3 Qc7 13. h3 h4 14. f4 b5 15.
Rhe1 O-O 16. g4 exf4 17. Bxf4 Ne5 18. Qf2 Qb7 19. Nd5 Bxd5 20. exd5 Nxd3 21.
Rxd3 Rfe8 22. g5 Nh5 23. Qxh4 Nxf4 24. Qxf4 Bf8 25. Rf1 Rc4 26. Qf2 Rce4 27. a3
Re2 28. Qg3 b4 29. g6 fxg6 30. a4 Qe7 31. Qxg6 Re1+ 32. Rd1 Rxd1+ 33. Rxd1 Qe4
34. Qxe4 Rxe4 35. Rd4 Re1+ 36. Ka2 Rh1 37. Rd3 Be7 38. Nd4 Rc1 39. Nc6 Bf6 40.
Rd2 Rh1 41. Nxb4 Rxh3 42. Nxa6 Rh4 43. Kb3 Bd8 44. Nb4 Ba5 45. c3 g5 46. Nc6 Bb6
47. a5 Bc5 48. a6 Kf7 49. a7 Rh8 50. Kc4 Kg6 51. b4 Bg1 52. Kb5 1-0

[Event "9th Sunway Sitges 2022"]
[Site "Sitges ESP"]
[Date "2022.12.13"]
[Round "2.71"]
[White "Ventura Bolet, Maxim"]
[Black "Moussard, Jules"]
[Result "0-1"]
[WhiteTitle "FM"]
[BlackTitle "GM"]
[WhiteElo "2223"]
[BlackElo "2684"]
[WhiteFideId "22238824"]
[BlackFideId "642908"]
[EventDate "2022.12.12"]

1. Nf3 Nf6 2. c4 e6 3. b3 d5 4. e3 Bd6 5. Bb2 O-O 6. Nc3 Re8 7. Nb5 Be7 8. Be5
Na6 9. Be2 c6 10. Nc3 Nc5 11. Qc2 Ncd7 12. Bg3 a6 13. h3 Bf8 14. O-O b5 15. d4
Bb7 16. Rfd1 Bb4 17. Bh2 Qa5 18. Rdc1 Ba3 19. Rd1 c5 20. Nb1 cxd4 21. Nxa3 Qxa3
22. exd4 dxc4 23. bxc4 bxc4 24. Nd2 Rec8 25. Nxc4 Qe7 26. Qb2 Bd5 27. Rdc1 a5
28. Nd6 Rxc1+ 29. Rxc1 Nf8 30. a4 Qd8 31. Qc2 Ne8 32. Nb5 Qg5 33. Bf1 Ng6 34.
Qd1 Nh4 35. Bg3 Nf5 36. Rc3 Rd8 37. Bh2 h6 38. Qc1 Qxc1 39. Rxc1 Bb3 40. g4 Nxd4
41. Nxd4 Rxd4 42. Bb5 Nd6 43. Bxd6 Rxd6 44. Rc8+ Kh7 45. Ra8 Rd1+ 46. Kh2 Bd5
47. Rxa5 g5 48. f3 Rd2+ 49. Kg1 Kg6 50. Ra7 f5 51. gxf5+ Kxf5 52. Rf7+ Ke5 53.
a5 Kd4 54. a6 Ke3 55. a7 Ra2 56. Bf1 h5 57. h4 g4 58. fxg4 hxg4 59. h5 g3 60. h6
Rh2 61. Bg2 Rxg2+ 62. Kf1 Rh2 0-1

[Event "9th Sunway Sitges 2022"]
[Site "Sitges ESP"]
[Date "2022.12.13"]
[Round "2.72"]
[White "Gasic Merino, Franco"]
[Black "Korobov, Anton"]
[Result "0-1"]
[BlackTitle "GM"]
[WhiteElo "2195"]
[BlackElo "2662"]
[WhiteFideId "3414370"]
[BlackFideId "14105730"]
[EventDate "2022.12.12"]

1. d4 Nf6 2. g3 c5 3. d5 b5 4. a4 b4 5. c4 bxc3 6. Nxc3 g6 7. e4 d6 8. Bb5+ Nfd7
9. Nf3 Bg7 10. h4 Na6 11. h5 Nc7 12. Bc6 Rb8 13. Qe2 Rb4 14. Bf4 Ba6 15. Qd2 Qb8
16. O-O-O Bxc3 17. Qxc3 Rc4 18. Qxc4 Bxc4 19. Rhe1 f6 20. e5 fxe5 21. Bxe5 O-O
22. Bc3 Rxf3 23. Bxd7 Rxc3+ 24. bxc3 Qb3 25. Re3 Nxd5 26. Be6+ Kf8 27. Rf3+ Nf6
28. Bxc4 Qxc4 29. hxg6 hxg6 30. a5 Ke8 0-1

[Event "9th Sunway Sitges 2022"]
[Site "Sitges ESP"]
[Date "2022.12.13"]
[Round "2.73"]
[White "Wong, Zhenyong Jayden"]
[Black "Arjun, Kalyan"]
[Result "0-1"]
[WhiteTitle "CM"]
[BlackTitle "GM"]
[WhiteElo "2181"]
[BlackElo "2505"]
[WhiteFideId "5821975"]
[BlackFideId "35018701"]
[EventDate "2022.12.12"]

1. d4 Nf6 2. c4 e6 3. g3 d5 4. Bg2 dxc4 5. Nf3 a6 6. O-O Nc6 7. Nbd2 b5 8. b3 c3
9. Nb1 b4 10. a3 Rb8 11. axb4 Bxb4 12. Qd3 e5 13. Nxc3 exd4 14. Na4 O-O 15. Bb2
Na5 16. Bxd4 Rb5 17. Rfd1 Bf5 18. Bxf6 Qxf6 19. e4 Bg4 20. h3 Bxf3 21. Bxf3 Bd6
22. Rab1 Rfb8 23. Nc3 Rxb3 24. Nd5 Qe5 25. Rxb3 Rxb3 26. Qxa6 Rxf3 27. Qxa5 h5
28. Kg2 Ra3 29. Qe1 h4 30. Nf4 hxg3 31. fxg3 Ra2+ 32. Kf3 Qf6 33. Rd5 Bxf4 34.
gxf4 Qh6 35. h4 Ra3+ 36. Kg4 g6 37. Qc1 0-1

[Event "9th Sunway Sitges 2022"]
[Site "Sitges ESP"]
[Date "2022.12.13"]
[Round "2.75"]
[White "Aditya, Mittal"]
[Black "Hapala, Elisabeth"]
[Result "1-0"]
[WhiteTitle "IM"]
[BlackTitle "WFM"]
[WhiteElo "2479"]
[BlackElo "2075"]
[WhiteFideId "35042025"]
[BlackFideId "1622080"]
[EventDate "2022.12.12"]

1. e4 c5 2. Nf3 e6 3. d4 cxd4 4. Nxd4 a6 5. Be2 Nf6 6. Qd3 Nc6 7. Nxc6 bxc6 8.
Nc3 d5 9. Qg3 d4 10. e5 Nd7 11. Ne4 Qa5+ 12. c3 dxc3 13. Nxc3 Qxe5 14. Bf4 Qc5
15. O-O Nf6 16. Be5 Be7 17. Rfd1 Qb4 18. Rd4 Qb7 19. Rad1 O-O 20. Bf3 Ne8 21.
Rc4 Bd7 22. Bc7 Qxc7 23. Qxc7 Nxc7 24. Rxd7 Nd5 25. Rxc6 Bf6 26. Bxd5 exd5 27.
Rxd5 Rfb8 28. b3 Rd8 29. Kf1 Kf8 30. Rxd8+ Bxd8 31. Na4 Ke7 32. Nc5 a5 33. Ke2
Ra7 34. Kd3 Rc7 35. Rxc7+ Bxc7 36. h3 Kd6 37. Kc4 Kc6 38. a3 Bb6 39. Nd3 Bc7 40.
b4 axb4 41. Nxb4+ Kb7 42. Kb5 Bb6 43. f3 f5 44. Nd5 Bf2 45. a4 h5 46. Nf4 h4 47.
Ne6 g6 48. Nf4 g5 49. Ne6 Be3 50. a5 Bd2 51. a6+ Ka7 52. Nd4 Be3 53. Nc6+ Ka8
54. Kc4 1-0

[Event "9th Sunway Sitges 2022"]
[Site "Sitges ESP"]
[Date "2022.12.13"]
[Round "2.76"]
[White "Narciso Dublan, Marc"]
[Black "Arhan, Chethan Anand"]
[Result "1-0"]
[WhiteTitle "GM"]
[WhiteElo "2448"]
[BlackElo "2112"]
[WhiteFideId "2201500"]
[BlackFideId "45062510"]
[EventDate "2022.12.12"]

1. e4 e5 2. Nf3 Nc6 3. d4 exd4 4. Nxd4 Nf6 5. Nxc6 bxc6 6. Nd2 Qe7 7. Bd3 g6 8.
O-O Bg7 9. e5 Nd5 10. Nf3 O-O 11. Re1 Re8 12. c4 Nb6 13. Bf4 Bb7 14. Re3 Qf8 15.
Qc2 c5 16. Be4 Bxe4 17. Rxe4 f6 18. Rae1 fxe5 19. Bxe5 Bxe5 20. Nxe5 Qg7 21. h4
Re6 22. Nd3 Rxe4 23. Rxe4 Qf8 24. h5 Re8 25. Nxc5 Rxe4 26. Nxe4 Qf5 27. hxg6
hxg6 28. Qd3 d6 29. c5 Nd7 30. cxd6 cxd6 31. Qd4 Qf4 32. Qd5+ Kh8 33. Qa8+ Nf8
34. g3 Qf3 35. Qe8 Kg7 36. Qe7+ Kh6 37. Nf6 Kg5 38. Ng8+ Kg4 39. Nh6+ Kh3 40.
Qh4# 1-0

[Event "9th Sunway Sitges 2022"]
[Site "Sitges ESP"]
[Date "2022.12.13"]
[Round "2.77"]
[White "Mahitosh, Dey"]
[Black "Prraneeth, Vuppala"]
[Result "0-1"]
[WhiteTitle "FM"]
[BlackTitle "IM"]
[WhiteElo "2134"]
[BlackElo "2427"]
[WhiteFideId "25091468"]
[BlackFideId "46622373"]
[EventDate "2022.12.12"]

1. Nf3 d5 2. g3 c6 3. Bg2 Bg4 4. d3 Nd7 5. c4 e6 6. O-O Bd6 7. cxd5 cxd5 8. Nc3
a6 9. h3 Bh5 10. g4 Bg6 11. e4 dxe4 12. dxe4 Qc7 13. Be3 Rd8 14. Qe2 Ne7 15.
Rac1 Qb8 16. Nd2 O-O 17. f4 f6 18. h4 Bf7 19. a4 Ng6 20. Qf2 Nc5 21. Bxc5 Bxc5
22. Qxc5 Rxd2 23. Qe3 Rfd8 24. Nb1 R2d3 25. Qf2 e5 26. f5 Nf4 27. Rc3 h6 28. Kh2
R3d4 29. b3 Qd6 30. Bf3 Qb4 31. Qc2 Rd3 32. Rd1 Rxd1 33. Bxd1 Qd6 34. Be2 Kh7
35. Rg3 Qd4 36. Bf3 Bxb3 37. Qxb3 Qf2+ 38. Bg2 Rd3 39. Qxd3 Nxd3 40. Rxd3 Qc2
41. Rd7 Qxb1 42. g5 hxg5 43. hxg5 Qb6 44. gxf6 Qxf6 45. Rxb7 Qh6+ 46. Kg1 Qc6
47. Rb3 Qxa4 48. Rg3 a5 49. Bf3 Qd4+ 50. Kh2 Qd2+ 51. Kh1 a4 52. Bh5 Qh6 53. Rh3
a3 54. Rh2 Qc1+ 55. Kg2 Qc2+ 56. Be2+ Kg8 57. Kg3 a2 0-1

[Event "9th Sunway Sitges 2022"]
[Site "Sitges ESP"]
[Date "2022.12.13"]
[Round "2.78"]
[White "Baenziger, Fabian"]
[Black "Hiren, K G"]
[Result "1-0"]
[WhiteTitle "IM"]
[WhiteElo "2426"]
[BlackElo "1965"]
[WhiteFideId "1330110"]
[BlackFideId "35053400"]
[EventDate "2022.12.12"]

1. d4 Nf6 2. c4 c5 3. d5 b5 4. cxb5 a6 5. bxa6 e6 6. Nc3 exd5 7. Nxd5 Be7 8. Nf3
O-O 9. Nxe7+ Qxe7 10. Bf4 d5 11. e3 Nbd7 12. a3 Rd8 13. Be2 Bxa6 14. Bxa6 Rxa6
15. O-O Nf8 16. Rc1 Ne4 17. Qe2 Rb6 18. h3 Ne6 19. Bh2 c4 20. Rfd1 N6c5 21. Rc2
f6 22. Nd4 Na4 23. Nf5 Qb7 24. Rxc4 Rxb2 25. Rc7 Qxc7 26. Bxc7 Rxe2 27. Bxd8
Rxf2 28. Ne7+ Kf7 29. Nxd5 Ra2 30. Ba5 Rxa3 31. Bb4 Rb3 32. Ra1 Nb6 33. Ra7+ Kg6
34. Ne7+ Kf7 35. Nf5+ Kg6 36. g4 Rb1+ 37. Kg2 Rb2+ 38. Kg1 Rb1+ 39. Be1 Rxe1+
40. Kg2 Re2+ 41. Kf3 Rf2+ 42. Kxe4 Rxf5 43. gxf5+ Kh6 44. Kd4 Nc8 45. Rd7 Nb6
46. Rb7 1-0

[Event "9th Sunway Sitges 2022"]
[Site "Sitges ESP"]
[Date "2022.12.13"]
[Round "2.79"]
[White "Assylov, Miras"]
[Black "Leisch, Lukas"]
[Result "1-0"]
[BlackTitle "IM"]
[WhiteElo "2044"]
[BlackElo "2405"]
[WhiteFideId "13728873"]
[BlackFideId "1632094"]
[EventDate "2022.12.12"]

1. e4 c5 2. Nf3 d6 3. d4 cxd4 4. Nxd4 Nf6 5. Nc3 Nc6 6. Bg5 e6 7. Bb5 Bd7 8. Qd3
Be7 9. O-O-O Nxd4 10. Bxd7+ Nxd7 11. Bxe7 Kxe7 12. Qxd4 Qb6 13. Qxb6 Nxb6 14.
Rd4 Rhc8 15. Rhd1 Rc6 16. Nb5 Nc8 17. e5 d5 18. Rh4 h6 19. Rd3 a6 20. Nd4 Rc4
21. b3 Rc7 22. Rg3 Kf8 23. Rhg4 g5 24. h4 Ke7 25. hxg5 hxg5 26. Rxg5 Na7 27. Rg7
Nc6 28. Nxc6+ bxc6 29. Rf3 Kf8 30. Rh7 Rac8 31. g4 a5 32. g5 Kg8 33. Rfh3 f5 34.
R7h6 f4 35. Rxe6 c5 36. Rg6+ Kf7 37. Rf6+ Kg7 38. g6 Rc6 39. Rh7+ Kg8 40. Rhf7
c4 41. Rxc6 Rxc6 42. Rf6 Rc5 43. Rxf4 Kg7 44. Rg4 c3 45. Kd1 d4 46. f4 Rd5 47.
Ke2 a4 48. Kd3 1-0

[Event "9th Sunway Sitges 2022"]
[Site "Sitges ESP"]
[Date "2022.12.13"]
[Round "2.80"]
[White "Jubin, Jimmy"]
[Black "Butolo, Alexandru-Mircea"]
[Result "1-0"]
[WhiteTitle "FM"]
[BlackTitle "CM"]
[WhiteElo "2376"]
[BlackElo "2043"]
[WhiteFideId "46686614"]
[BlackFideId "1261649"]
[EventDate "2022.12.12"]

1. d4 Nf6 2. c4 e6 3. g3 d5 4. Bg2 Bb4+ 5. Nd2 c6 6. Qc2 O-O 7. Nf3 Nbd7 8. O-O
Qe7 9. Ne5 Bxd2 10. Bxd2 Nxe5 11. dxe5 Ng4 12. Bc3 f6 13. exf6 Nxf6 14. Qb3 b6
15. Rac1 Kh8 16. Bxf6 Qxf6 17. Qa3 Bb7 18. b4 Qe7 19. Qb2 Rac8 20. Rfd1 Ba8 21.
e3 Rcd8 22. Rd2 Rf7 23. a3 Qf8 24. Rcd1 Re8 25. b5 dxc4 26. bxc6 Qc5 27. Qd4 Qb5
28. Rc1 Qa4 29. Rxc4 Qxa3 30. c7 Rff8 31. Qd7 Qa6 32. Qxe8 Rxe8 33. Rd8 Qc8 34.
Rxe8+ Qxe8 1-0

[Event "9th Sunway Sitges 2022"]
[Site "Sitges ESP"]
[Date "2022.12.13"]
[Round "2.81"]
[White "Meister, Peter"]
[Black "Jove Albaiges, Guillem"]
[Result "1-0"]
[WhiteTitle "IM"]
[WhiteElo "2347"]
[BlackElo "1922"]
[WhiteFideId "4600207"]
[BlackFideId "54720117"]
[EventDate "2022.12.12"]

1. d4 Nf6 2. c4 e6 3. Nf3 b6 4. g3 Bb7 5. Bg2 Be7 6. O-O O-O 7. Nc3 Ne4 8. Bd2
d5 9. cxd5 exd5 10. Rc1 Nd7 11. Bf4 c5 12. h4 Ndf6 13. a4 Re8 14. Nd2 Nxc3 15.
bxc3 Bd6 16. Bxd6 Qxd6 17. dxc5 bxc5 18. c4 Ba6 19. Re1 Rad8 20. cxd5 Nxd5 21.
Ne4 Qb6 22. a5 Qg6 23. Qc2 c4 24. Red1 Nf6 25. Rxd8 Rxd8 26. Rd1 Re8 27. Qa4 Rf8
28. Rd6 Bc8 29. Nxf6+ gxf6 30. Qxc4 Be6 31. Qd4 Qb1+ 32. Kh2 Qb8 33. Bf3 Rc8 34.
h5 h6 35. Bg4 f5 36. Bxf5 Bxf5 37. Rxh6 Bh7 38. Qg4+ Kf8 39. Rxh7 Qb7 40. Qg7+
Ke8 41. Qg8+ 1-0

[Event "9th Sunway Sitges 2022"]
[Site "Sitges ESP"]
[Date "2022.12.13"]
[Round "2.82"]
[White "Van Dael, Siem"]
[Black "Uber Gracia, Hugo"]
[Result "0-1"]
[WhiteTitle "FM"]
[WhiteElo "2345"]
[BlackElo "1931"]
[WhiteFideId "1049771"]
[BlackFideId "54720079"]
[EventDate "2022.12.12"]

1. e4 c6 2. d4 d5 3. e5 Bf5 4. h4 h5 5. Bg5 Qb6 6. Bd3 Bxd3 7. Qxd3 e6 8. Nd2 c5
9. c3 cxd4 10. cxd4 Nc6 11. Ngf3 Nge7 12. O-O Nf5 13. Nb3 a5 14. a4 Bb4 15. Qb5
Qxb5 16. axb5 Nce7 17. Rfc1 b6 18. Ne1 Bxe1 19. Rxe1 Kd7 20. Ra4 Rac8 21. Re2
Rc4 22. Rxc4 dxc4 23. Nd2 Rc8 24. Ne4 Nd5 25. Nc3 Nxd4 26. Rd2 Nf5 27. f3 Ne7
28. Ne4 Rc7 29. Ng3 a4 30. Nxh5 a3 31. bxa3 c3 32. Rc2 Nf5 33. Kf2 Nd4 34. Rc1
c2 35. Rh1 Nb3 36. Bc1 Nxc1 37. Rxc1 Nc3 38. Rxc2 Nd1+ 0-1

[Event "9th Sunway Sitges 2022"]
[Site "Sitges ESP"]
[Date "2022.12.13"]
[Round "2.83"]
[White "Dalaud, Dorian"]
[Black "Levy, Benyamin"]
[Result "1-0"]
[WhiteTitle "FM"]
[WhiteElo "2342"]
[BlackElo "1888"]
[WhiteFideId "36093270"]
[BlackFideId "2815460"]
[EventDate "2022.12.12"]

1. e4 c5 2. Nc3 Nc6 3. Bb5 e6 4. Bxc6 bxc6 5. d3 Qc7 6. f4 Ne7 7. Nf3 Ng6 8. O-O
Nxf4 9. Ng5 Bd6 10. g3 f6 11. Bxf4 Bxf4 12. Rxf4 e5 13. Rxf6 1-0

[Event "9th Sunway Sitges 2022"]
[Site "Sitges ESP"]
[Date "2022.12.13"]
[Round "2.84"]
[White "Bhambure, Shantanu"]
[Black "Patel, Zain"]
[Result "1-0"]
[WhiteTitle "FM"]
[WhiteElo "2306"]
[BlackElo "1761"]
[WhiteFideId "5025931"]
[BlackFideId "469246"]
[EventDate "2022.12.12"]

1. d4 Nf6 2. c4 e6 3. Nc3 Bb4 4. Bd2 d6 5. e3 Nbd7 6. Bd3 O-O 7. Nge2 b6 8. a3
Bxc3 9. Nxc3 Bb7 10. O-O Qe7 11. e4 h6 12. Re1 e5 13. d5 a5 14. b4 axb4 15. axb4
Rfc8 16. Qe2 Nf8 17. Be3 Qd7 18. f3 Ng6 19. Qb2 Ba6 20. Ra3 Rcb8 21. Rea1 Bb7
22. Nb5 Kh7 23. Bc2 Nh5 24. Rxa8 Rxa8 25. Rxa8 Bxa8 26. Qa3 Bb7 27. Qa7 Qc8 28.
c5 bxc5 29. bxc5 dxc5 30. Qxc5 Nhf4 31. Qxc7 Qa8 32. Na7 Nh4 33. g3 Nh3+ 34. Kh1
Nxf3 35. Qxf7 Nd4 36. Bxd4 exd4 37. Qf5+ Kh8 38. Qxh3 Qxa7 39. Qf1 Qc5 40. Bd3
Kg8 41. Kg1 Qb4 42. Qe2 Kf8 43. Kf2 Qd6 44. Qb2 Qf6+ 45. Kg1 Qg5 46. Qxd4 Qc1+
47. Kg2 Qd2+ 48. Qf2+ Qxf2+ 49. Kxf2 Ke7 50. Ke3 Kd6 51. Kd4 g5 52. e5+ Kd7 53.
Bf5+ Ke7 54. d6+ Kd8 55. e6 Bc6 56. e7+ 1-0

[Event "9th Sunway Sitges 2022"]
[Site "Sitges ESP"]
[Date "2022.12.13"]
[Round "2.85"]
[White "Alfonso Pellisa, Aaron"]
[Black "Castellanos Gomez, Alejandro"]
[Result "0-1"]
[BlackTitle "FM"]
[WhiteElo "2018"]
[BlackElo "2277"]
[WhiteFideId "24593486"]
[BlackFideId "22284141"]
[EventDate "2022.12.12"]

1. e4 e6 2. d4 d5 3. Nd2 Nf6 4. e5 Nfd7 5. Ngf3 c5 6. c3 Nc6 7. Bd3 Be7 8. O-O
cxd4 9. cxd4 Nb6 10. Re1 Bd7 11. Nf1 Rc8 12. Ng3 h5 13. Ne2 g5 14. h4 gxh4 15.
Nf4 Nb4 16. Ng6 Rg8 17. Nxe7 Qxe7 18. Bh7 Rg7 19. a3 Nc6 20. Qd3 h3 21. g3 f5
22. exf6 Qxf6 23. Bf5 h4 24. Kh2 hxg3+ 25. fxg3 Rd8 26. Bxh3 Ke7 27. Bf4 Rh8 28.
Qe3 Nc4 29. Qf2 Kd8 30. b3 e5 31. dxe5 Rxh3+ 32. Kg2 Qxf4 33. Kf1 Rgxg3 34. Ng1
Nd2+ 35. Ke2 Nd4+ 0-1

[Event "9th Sunway Sitges 2022"]
[Site "Sitges ESP"]
[Date "2022.12.13"]
[Round "2.86"]
[White "Benmesbah, Natacha"]
[Black "Kratz, Jonathan"]
[Result "1-0"]
[WhiteTitle "WIM"]
[WhiteElo "2268"]
[BlackElo "1514"]
[WhiteFideId "642002"]
[BlackFideId "651081628"]
[EventDate "2022.12.12"]

1. e4 c6 2. c4 d5 3. cxd5 cxd5 4. exd5 Nf6 5. Qa4+ Nbd7 6. Nc3 g6 7. Bc4 Bg7 8.
d3 O-O 9. Nf3 a6 10. Qa3 b6 11. O-O Bb7 12. Re1 Re8 13. Ng5 Rc8 14. d6 e6 15.
Bf4 h6 16. Nge4 Nxe4 17. Nxe4 Bxe4 18. Rxe4 Nc5 19. Ree1 b5 20. d4 Bxd4 21. Bf1
Qf6 22. Qg3 Kh7 23. Rad1 Nd7 24. a4 Rc2 25. Rd2 Rxd2 26. Bxd2 Rb8 27. axb5 axb5
28. b3 e5 29. Re4 Kg7 30. Rh4 g5 31. Rh5 Qxd6 32. h4 Bxf2+ 33. Qxf2 Nf6 34. Rxh6
Kxh6 35. hxg5+ Kg7 36. gxf6+ Qxf6 37. Qg3+ Kh8 38. Bd3 Qg7 39. Qh4+ Kg8 40. Bh6 1-0

[Event "9th Sunway Sitges 2022"]
[Site "Sitges ESP"]
[Date "2022.12.13"]
[Round "2.87"]
[White "Nesse, David"]
[Black "Romero Calduch, Sergio"]
[Result "0-1"]
[WhiteElo "1809"]
[BlackElo "2258"]
[WhiteFideId "1519875"]
[BlackFideId "2246848"]
[EventDate "2022.12.12"]

1. d4 Nf6 2. Nc3 d5 3. Bf4 a6 4. e3 e6 5. Nf3 c5 6. Ne5 Nc6 7. g4 Qa5 8. Bg2
cxd4 9. exd4 Nxe5 10. Bxe5 Nd7 11. Bg3 Be7 12. O-O O-O 13. f4 Nb6 14. f5 Nc4 15.
Qe1 Bf6 16. Be5 Bxe5 17. dxe5 d4 18. Ne4 Qxe5 19. f6 Bd7 20. fxg7 Kxg7 21. Qh4
f5 22. g5 Ne3 23. Nf6 Rxf6 24. gxf6+ Qxf6 25. Qg3+ Kh8 26. Qc7 Rg8 27. Qxd7
Rxg2+ 28. Kh1 Rxh2+ 0-1

[Event "9th Sunway Sitges 2022"]
[Site "Sitges ESP"]
[Date "2022.12.13"]
[Round "2.88"]
[White "Prudhvi, Kumar V"]
[Black "Tabatabaei, M. Amin"]
[Result "0-1"]
[BlackTitle "GM"]
[WhiteElo "1733"]
[BlackElo "2660"]
[WhiteFideId "25044788"]
[BlackFideId "12521213"]
[EventDate "2022.12.12"]

1. d4 Nf6 2. c4 g6 3. Nc3 Bg7 4. g3 d6 5. Bg2 c6 6. e4 O-O 7. Nge2 e5 8. O-O
exd4 9. Nxd4 Nbd7 10. h3 Re8 11. Be3 Nc5 12. Qc2 a5 13. Rad1 Qe7 14. Rfe1 h6 15.
b3 Bd7 16. Bf4 Rad8 17. Ndb5 cxb5 18. Bxd6 Qe6 19. Bxc5 Rc8 20. Bd6 bxc4 21. e5
cxb3 22. axb3 Nh7 23. h4 Bc6 24. Qd2 Bxg2 25. Kxg2 g5 26. Nd5 gxh4 27. Qf4 h3+
28. Kh2 Ng5 29. Nc7 Rxc7 30. Bxc7 Qc6 31. f3 Nxf3+ 32. Kxh3 Nxe1 33. Rxe1 Qxc7 0-1

[Event "9th Sunway Sitges 2022"]
[Site "Sitges ESP"]
[Date "2022.12.13"]
[Round "2.89"]
[White "Moksh, Amit Doshi"]
[Black "Dietrich, Peter"]
[Result "1-0"]
[WhiteTitle "IM"]
[WhiteElo "2414"]
[BlackElo "2015"]
[WhiteFideId "25064967"]
[BlackFideId "1674897"]
[EventDate "2022.12.12"]

1. c4 c5 2. Nc3 Nc6 3. Nf3 g6 4. e3 e5 5. d4 exd4 6. exd4 cxd4 7. Nxd4 a6 8. Nd5
Be7 9. Bf4 d6 10. Nxc6 bxc6 11. Nxe7 Qxe7+ 12. Be2 d5 13. cxd5 cxd5 14. Qd4 f6
15. O-O Bb7 16. Rfe1 Kf7 17. Bg4 Qd8 18. Rac1 Bc8 19. Rc7+ Kf8 20. Qc5+ 1-0

[Event "9th Sunway Sitges 2022"]
[Site "Sitges ESP"]
[Date "2022.12.13"]
[Round "2.90"]
[White "Nandhidhaa, P V"]
[Black "Perez Garcia, Jimena"]
[Result "1-0"]
[WhiteTitle "WGM"]
[WhiteElo "2358"]
[BlackElo "2014"]
[WhiteFideId "5050847"]
[BlackFideId "24517127"]
[EventDate "2022.12.12"]

1. e4 c5 2. Nf3 d6 3. d4 cxd4 4. Nxd4 Nf6 5. Nc3 Bd7 6. f3 g6 7. Be3 Bg7 8. Qd2
Nc6 9. g4 Rc8 10. O-O-O a6 11. h4 h5 12. g5 Nh7 13. f4 b5 14. Nxc6 Rxc6 15. Bd4
O-O 16. Bxg7 Kxg7 17. Nd5 Bg4 18. Be2 Bxe2 19. Qxe2 e6 20. Ne3 Qc7 21. Kb1 Re8
22. Rhf1 Nf8 23. f5 Nd7 24. fxg6 fxg6 25. Ng2 Ne5 26. Rf6 Ng4 27. Qd2 Nxf6 28.
gxf6+ Kh7 29. Nf4 Qf7 30. Rg1 Rg8 31. e5 dxe5 32. Nh3 Qa7 33. f7 Rf8 34. Qg2 1-0

[Event "9th Sunway Sitges 2022"]
[Site "Sitges ESP"]
[Date "2022.12.13"]
[Round "2.91"]
[White "Perez Aleman, Pedro Tomas"]
[Black "Sarkar, Justin"]
[Result "0-1"]
[BlackTitle "IM"]
[WhiteElo "1996"]
[BlackElo "2343"]
[WhiteFideId "2201038"]
[BlackFideId "2010011"]
[EventDate "2022.12.12"]

1. d4 Nf6 2. Nc3 d5 3. Bf4 c5 4. e4 cxd4 5. Qxd4 Nc6 6. Bb5 Bd7 7. Bxc6 Bxc6 8.
e5 Nd7 9. e6 fxe6 10. Nf3 Qb6 11. Qd2 d4 12. Qxd4 Bxf3 13. Qxb6 Nxb6 14. gxf3 g6
15. Be5 Rg8 16. Ne4 Rc8 17. O-O-O h6 18. Rhg1 Nd5 19. Nc3 Nxc3 20. Bxc3 h5 21.
Be5 Bh6+ 22. Kb1 Rc5 23. f4 Rd5 24. h4 Rf8 25. Rxd5 exd5 26. Rxg6 Bxf4 27. Bd4
b6 28. a4 Kd7 29. Rg7 Bd6 30. Be3 d4 31. Bg5 Rxf2 32. Rh7 a5 33. Rxh5 e5 34.
Rh7+ Ke6 35. h5 e4 36. Rh6+ Kd5 37. Rf6 e3 38. Bh4 Bg3 39. Rxb6 Bxh4 40. h6 e2 0-1

[Event "9th Sunway Sitges 2022"]
[Site "Sitges ESP"]
[Date "2022.12.13"]
[Round "2.92"]
[White "Renganayaki Venkatesh"]
[Black "Vogt, Lothar"]
[Result "1/2-1/2"]
[BlackTitle "GM"]
[WhiteElo "1978"]
[BlackElo "2339"]
[WhiteFideId "25705407"]
[BlackFideId "4611292"]
[EventDate "2022.12.12"]

1. c4 g6 2. g3 Bg7 3. Bg2 Nf6 4. Nf3 O-O 5. O-O d6 6. d4 Nbd7 7. Nc3 e5 8. e4
exd4 9. Nxd4 Re8 10. f3 a6 11. Re1 Rb8 12. Rb1 Nc5 13. Bf4 h6 14. g4 Ne6 15. Be3
Nxd4 16. Bxd4 Be6 17. Nd5 Nxd5 18. cxd5 Bd7 19. Bxg7 Kxg7 20. Qd4+ Qf6 21. Qxf6+
Kxf6 22. Rbc1 c5 23. dxc6 Bxc6 24. f4 Rbc8 25. Red1 Ke7 26. Rc3 g5 27. fxg5 hxg5
28. Rdc1 Ke6 29. Bf1 Kd7 30. Bc4 Rxe4 31. Bd3 d5 32. Bxe4 dxe4 33. Rf1 Ke6 34.
Rc5 Rh8 35. Kg2 Rd8 36. Rxg5 Rd7 37. Kg3 1/2-1/2

[Event "9th Sunway Sitges 2022"]
[Site "Sitges ESP"]
[Date "2022.12.13"]
[Round "2.93"]
[White "Saveljevs, Aleksandrs"]
[Black "Milat, Marcel"]
[Result "1/2-1/2"]
[BlackTitle "FM"]
[WhiteElo "1974"]
[BlackElo "2290"]
[WhiteFideId "11601779"]
[BlackFideId "2602105"]
[EventDate "2022.12.12"]

1. e4 Nf6 2. Nc3 d5 3. e5 Nfd7 4. f4 c5 5. Nf3 Nc6 6. g3 Nb6 7. Bg2 Bf5 8. Nh4
e6 9. d3 h5 10. Nxf5 exf5 11. Qf3 Qd7 12. h4 O-O-O 13. O-O a6 14. a4 Nb4 15. Rf2
Na8 16. a5 Kb8 17. b3 Nc7 18. Ba3 Nc6 19. Bb2 Nb4 20. Qd1 Nc6 21. Qf3 Nb4 22.
Qd1 Nc6 23. Qf3 1/2-1/2

[Event "9th Sunway Sitges 2022"]
[Site "Sitges ESP"]
[Date "2022.12.13"]
[Round "2.94"]
[White "Place, Nicholas"]
[Black "Shailesh, Dravid"]
[Result "0-1"]
[BlackTitle "FM"]
[WhiteElo "1967"]
[BlackElo "2286"]
[WhiteFideId "30969603"]
[BlackFideId "25017969"]
[EventDate "2022.12.12"]

1. e4 c5 2. c3 Nf6 3. e5 Nd5 4. Bc4 Nb6 5. Bb3 c4 6. Bc2 Nc6 7. Nf3 d6 8. exd6
Qxd6 9. O-O Bg4 10. Qe2 e6 11. b3 cxb3 12. axb3 Be7 13. d4 O-O 14. Ba3 Qc7 15.
Bxe7 Qxe7 16. Nbd2 Rfd8 17. b4 Rac8 18. Be4 a6 19. Rfc1 Na7 20. Nb3 Nd5 21. Bxd5
Rxd5 22. Qe3 Nc6 23. Nc5 Rcd8 24. Re1 Bxf3 25. Qxf3 h6 26. h3 Qc7 27. Reb1 e5
28. dxe5 Nxe5 29. Qg3 R8d6 30. Kh1 Rg6 31. Qf4 Qc6 32. Rg1 b6 33. Rxa6 Qc8 34.
Qe4 Rdd6 35. Rxb6 Nd3 36. Nxd3 Rxd3 37. Rxg6 Rxh3+ 0-1